| 000 | 00399nam a2200157 a 4500 | ||
|---|---|---|---|
| 005 | 20140412111428.0 | ||
| 008 | 090627s19uu xx 00 eng d | ||
| 020 | _a0-439-91303-9 | ||
| 050 |
_aTR(PS E _bTe25 2006 |
||
| 100 | _aCabrera, Jane | ||
| 245 |
_aTen in the bed / _cJane Cabrera. |
||
| 260 |
_aU.S.A : _bScholastic, _c2006. |
||
| 300 | _a1v. unp. | ||
| 650 | _aCounting | ||
| 999 |
_c106292 _d106292 |
||